| 000 | 00345nam a2200145Ia 4500 | ||
|---|---|---|---|
| 008 | 150201s2003 xx 000 0 und d | ||
| 082 |
_a617.6 _bH2003M |
||
| 100 | _aMALAMED S. F. | ||
| 245 | _aHANDBOOK OF LOCAL ANESTHESIA | ||
| 250 | _a4TH | ||
| 260 |
_bMOSBY _aDELHI _c2003 |
||
| 300 | _a1-330 | ||
| 650 | _aORAL SURGERY | ||
| 942 |
_2ddc _cBK _072 |
||
| 999 |
_c2918 _d2918 |
||